00319nam a2200109Ia 4500008004100000020001800041082001700059100002400076245006500100260003500165300000900200210430s9999 xx 000 0 und d a0-12-008526-7 a660 A 2442 A aKenneth B. Bischoff aAdvances in Chemical Engineering V-26 /cKenneth B. Bischoff aNew yorkbAcademic Pressc2001 a216p